000 00645nam a2200193 i 4500
001 51810
003 ES-MaACL
005 20250910213318.0
007 t|
008 030819s1963 sp ||||1| spa d
100 1 _aDapples, E. C.
_942682
245 1 0 _aGeología básica en ciencia e ingeniería /
_cE.C. Dapples ; traducción por José Mª Fuster Casas y Pablo Martínez Strong.
260 _aBarcelona :
_bOmega,
_c1963.
300 _a640 p. :
_bil. ;
_c23 cm.
700 1 _aFuster Casas, José María,
_d1923-2000
_953084
700 1 _aMartínez Strong, Pablo.
_978439
852 _aES-MaACL
_jC-23818
_bR.52648
999 _c51810
_d51810